[Event "Let's Play Chess!"]
[Site "http://www.queenalice.com/game.php?id=155357"]
[Date "2007.1.17"]
[Round "-"]
[White "nemeth"]
[Black "iasj007"]
[Result "1-0"]
[WhiteElo "1664"]
[BlackElo "1060"]

1. e4 e5 2. Nc3 d6 3. Bc4 Nc6 4. f4 Nd4 5. Nf3 f6 6. O-O b5 7. Bd5 Rb8 8. fxe5
fxe5 9. d3 c6 10. Nxd4 exd4 11. Bxc6+ Ke7 12. Nd5+ Ke6 13. Qg4+ Ke5 14. Bf4# 1-0

[Event "AUTO-OPEN-521"]
[Site "http://www.queenalice.com/game.php?id=155647"]
[Date "2007.1.18"]
[Round "1"]
[White "iasj007"]
[Black "ocarrasco"]
[Result "0-1"]
[WhiteElo "1005"]
[BlackElo "1803"]

1. Nh3 e5 2. d4 exd4 3. Qxd4 Nc6 4. Qd1 Bc5 5. b4 Bxb4+ 6. c3 Bc5 7. e4 d6 8. f4
Bxh3 9. gxh3 Qh4+ 10. Ke2 Qf2+ 0-1

[Event "AUTO-OPEN-521"]
[Site "http://www.queenalice.com/game.php?id=155674"]
[Date "2007.1.18"]
[Round "1"]
[White "Enrico"]
[Black "iasj007"]
[Result "1-0"]
[WhiteElo "1706"]
[BlackElo "1008"]

1. e4 d6 2. Nc3 Nc6 3. Bc4 e5 4. Qf3 Nd4 5. Qd3 b5 6. Bd5 Rb8 7. Nf3 c6 8. Bb3
Nxb3 9. axb3 f6 10. Rxa7 Qb6 11. Ra1 Ne7 12. O-O h5 13. Qe2 b4 14. Na4 Qd8 15.
d3 Ra8 16. Bd2 c5 17. c3 g5 18. cxb4 cxb4 19. Bxb4 Rb8 20. Bd2 Rxb3 21. Bc1 Qa5
22. Be3 f5 23. Nc3 1-0

[Event "AUTO-OPEN-521"]
[Site "http://www.queenalice.com/game.php?id=155675"]
[Date "2007.1.18"]
[Round "1"]
[White "iasj007"]
[Black "Enrico"]
[Result "0-1"]
[WhiteElo "1008"]
[BlackElo "1708"]

1. Na3 e5 2. e4 Bxa3 3. bxa3 Nf6 4. Nf3 Nc6 5. Bb2 d6 6. d3 O-O 7. g4 Bxg4 8. h3
Bxf3 9. Qxf3 Qe7 10. h4 h6 11. Rg1 g6 12. Qg3 Nh7 13. Rd1 Qe6 14. h5 g5 15. Bh3
Qe7 16. Qg4 Rae8 17. Qg3 f6 18. f3 Rf7 19. a4 Rg7 20. Qf2 Qf7 21. a5 Qxa2 22.
Bc1 Qxa5+ 23. c3 Qxc3+ 24. Ke2 Qc2+ 0-1

[Event "AUTO-BEG-62"]
[Site "http://www.queenalice.com/game.php?id=155843"]
[Date "2007.1.18"]
[Round "1"]
[White "iasj007"]
[Black "nandolessa"]
[Result "0-1"]
[WhiteElo "1008"]
[BlackElo "1692"]

1. e4 e5 2. Nf3 Nc6 3. d4 d6 4. dxe5 dxe5 5. Ng5 Qxd1+ 6. Kxd1 Nh6 7. Bc4 Bc5 8.
Re1 Bxf2 9. Rf1 Na5 10. Bd5 c6 11. Bxc6+ Nxc6 12. Rxf2 O-O 13. c3 Bg4+ 14. Kc2
f6 15. Nh3 Na5 16. b4 Nc4 17. Kb3 Rac8 18. b5 Nd6 19. b6 a6 20. Rd2 Nxe4 21. Rd4
exd4 22. cxd4 Rxc1 23. Nf4 g5 24. Kb2 Rd1 25. Nd5 Rxd4 26. Ne7+ Kf7 27. Nd2
Rxd2+ 28. Kb3 Kxe7 0-1

[Event "AUTO-BEG-62"]
[Site "http://www.queenalice.com/game.php?id=155844"]
[Date "2007.1.18"]
[Round "1"]
[White "nandolessa"]
[Black "iasj007"]
[Result "1-0"]
[WhiteElo "1690"]
[BlackElo "1008"]

1. e4 e5 2. Nf3 Nc6 3. Bb5 a6 4. Bxc6 bxc6 5. d3 Rb8 6. Nxe5 Rb5 7. Nc4 Qf6 8.
O-O Bb4 9. c3 Bc5 10. Be3 d5 11. e5 Qg6 12. a4 Bg4 13. f3 dxc4 14. axb5 Bxe3+
15. Kh1 Qh6 16. fxg4 Qh4 17. bxa6 h5 18. Qe1 Qg5 19. h4 Qh6 20. g5 Qg6 21. Qxe3
cxd3 22. Nd2 Ne7 23. a7 Kd7 24. a8=Q Rxa8 25. Rxa8 Nf5 26. Qxd3+ Ke6 27. Re8+
Ne7 28. Qxg6+ fxg6 29. b4 Kd7 30. Ref8 Nf5 31. R1xf5 1-0

[Event "AUTO-OPEN-531"]
[Site "http://www.queenalice.com/game.php?id=159308"]
[Date "2007.1.26"]
[Round "1"]
[White "bazzo0815"]
[Black "iasj007"]
[Result "0-1"]
[WhiteElo "1603"]
[BlackElo "1057"]

1. Nf3 d5 2. c4 dxc4 3. Na3 e6 4. Nxc4 b5 5. Ne3 c5 6. g3 c4 7. Bg2 f5 8. O-O g6
9. b3 Bb4 10. Bb2 e5 11. Bxe5 Nf6 12. bxc4 Nbd7 13. cxb5 Nxe5 14. Nxe5 Rb8 15.
Nc6 Qd6 16. Nxb8 Qxb8 17. Nd5 Nxd5 0-1

[Event "AUTO-OPEN-531"]
[Site "http://www.queenalice.com/game.php?id=159309"]
[Date "2007.1.26"]
[Round "1"]
[White "iasj007"]
[Black "bazzo0815"]
[Result "1-0"]
[WhiteElo "1057"]
[BlackElo "1603"]

1. e4 e5 2. c4 Nf6 3. d3 c6 4. f3 d5 5. exd5 cxd5 6. b3 Bb4+ 7. Ke2 O-O 8. g4
Nxg4 9. fxg4 Bxg4+ 10. Nf3 e4 11. dxe4 dxe4 12. Qxd8 Bxf3+ 13. Kf2 Rxd8 14. Bg5
f6 15. a3 Bc5+ 16. Kg3 fxg5 17. Rg1 Bxg1 18. Nd2 1-0